Loading...
| Science - Physics | 0 | 5 | 1 | 0 | 45 | 36 | 51.00 | 4 | 5 | 26.08 | 43.94 |
| Science - Chemistry | 0 | 3 | 0 | 0 | 30 | 35 | 43.33 | 1 | 3 | 16.87 | 25.00 |
| Literature - British | 0 | 1 | 0 | 0 | 10 | 104 | 104.00 | 0 | 0 | 2.83 | 4.55 |
| Fine Arts - Painting and Sculpture | 0 | 1 | 0 | 0 | 10 | 94 | 94.00 | 0 | 0 | 2.14 | 3.03 |
| History - European | 0 | 1 | 0 | 1 | 10 | 128 | 128.00 | 0 | 0 | 0.00 | 0.76 |
| Social Science | 0 | 1 | 0 | 0 | 10 | 71 | 71.00 | 0 | 1 | 3.38 | 5.30 |
| Science - Biology | 0 | 1 | 1 | 0 | 5 | 48 | 48.00 | 0 | 1 | 5.05 | 7.58 |
| Science - Other | 0 | 1 | 1 | 1 | 5 | 88 | 88.00 | 0 | 0 | 2.42 | 4.55 |
| Mythology | 0 | 1 | 1 | 0 | 5 | 73 | 73.00 | 0 | 1 | 3.78 | 7.58 |
| Philosophy | 0 | 0 | 1 | 0 | -5 | 0.00 | 0 | 0 | 0.00 | 0.00 | |
| History - Other | 0 | 0 | 1 | 0 | -5 | 0.00 | 0 | 0 | 0.00 | 0.00 | |
| Geography | 0 | 0 | 1 | 0 | -5 | 0.00 | 0 | 0 | 0.00 | 0.00 |